Départements du bassin de la Dordogne - Statistiques

Statistiques générales
  • Ce quiz a été pris 51 fois
  • Le résultat moyen est 12 sur 14
Statistiques - réponses
Régions % Correct
Nouvelle-Aquitaine
98%
Occitanie
96%
Lot
94%
Dordogne
89%
Gironde
89%
Lot-et-Garonne
89%
Auvergne-Rhône-Alpes
87%
Corrèze
87%
Creuse
87%
Charente
85%
Charente-Maritime
77%
Cantal
74%
Haute-Vienne
66%
Puy-de-Dôme
64%
Aucun quiz correspondant
Distribution des résultats
% des personnes avec chaque résultat
Percentile par nombre de réponses
Votre historique - résultats
Vous n’avez pas pris ce quiz